Guess the Deadlock character by me describing them poorly - Statistics

General Stats
  • This quiz has been taken 93 times
  • The average score is 11 of 26
Answer Stats
Hint Answer % Correct
Meow Calico
90%
大和 Yamato
89%
Clanker Bebop
86%
Edgy sad grandpa Grey Talon
83%
Coolest teacher Dynamo
76%
goo Viscous
68%
Jackass Lash
63%
Murder Gambler Wraith
63%
Big Bam Man Abrams
56%
*boing* Holliday
49%
Wraith but from Apex Haze
43%
CAW CAW CAW CAW Vindicta
41%
Nice hat Infernus
40%
Coolest girl ever Vyper
40%
CHANGE THE WORLD!! Warden
30%
Sassy monster Ivy
25%
Coolest guy ever Kelvin
25%
Good facial hair Mirage
22%
Just like my parents Sinclair
22%
Thigh straps Paradox
19%
Hot, is very into dudes Pocket
19%
AWOOOGA Lady Geist
16%
TWEAKIN!! Seven
14%
He likes going to bars alone Shiv
13%
Hot, but not into dudes Mcginnis
10%
Less cool hat Mo & Krill
3%
No matching quizzes found
Score Distribution
Percent of People with Each Score
Percentile by Number Answered
Your Score History
You have not taken this quiz